000 00589 a2200157 4500
999 _c331412
_d331412
003 NUST
005 20170927104207.0
008 170927b xxu||||| |||| 00| 0 eng d
020 _a812650823X
040 _c0
082 _a530 HAL
100 _aHalliday,David
_95033
245 _aFundamentals of Physics
_cDavid Halliday, Robert Resnick, Jearl walker .
250 _a6th. ed.
260 _aIndia
_bJohn Wiley
_c2007
300 _axxiv, 1144+p. :
_bill. ;
_c25 cm.
500 _aP.B
650 _aPhysics
_9190
942 _2ddc
_cBK
_kIESE